|
|
|
|
| LEADER |
01695nam a2200361 u 4500 |
| 001 |
10030927 |
| 003 |
upatras |
| 005 |
20211110114927.0 |
| 008 |
991102s1991 uk eng |
| 020 |
|
|
|a 0521392462
|
| 040 |
|
|
|a GR-PaULI
|c GR-PaULI
|
| 041 |
0 |
|
|a eng
|
| 082 |
0 |
4 |
|a 414
|
| 100 |
1 |
|
|a Charette, Monik
|9 154257
|
| 245 |
1 |
0 |
|a Conditions on phonological government
|c Monik Charette
|
| 260 |
|
|
|a Cambridge
|a New York, NY
|b Cambridge University Press
|c 1991
|
| 300 |
|
|
|a xi, 232 p.
|b fig.
|c 24 cm.
|
| 490 |
0 |
|
|a Cambridge studies in linguistics
|v 58
|
| 504 |
|
|
|a Includes index and bibliography
|
| 650 |
|
4 |
|a Κυβερνητική
|9 35882
|
| 650 |
|
4 |
|a Γαλλική γλώσσα
|x Φωνολογία
|9 7385
|
| 650 |
|
4 |
|a Γλωσσολογία
|x Φωνολογία
|9 1313
|
| 650 |
|
4 |
|a Γραμματική
|9 1160
|
| 650 |
|
4 |
|9 44921
|a Γραμματική, Συγκριτική και γενική
|x Φωνολογία
|
| 760 |
1 |
|
|a Cambridge studies in linguistics
|g 58
|
| 852 |
|
|
|a GR-PaULI
|b ΠΑΤΡΑ
|b ΒΚΠ
|b ΒΣ1
|k ΑΣΧΞ
|h 414 C
|m 052225
|p 025000070618
|t 1
|
| 852 |
|
|
|a GR-PaULI
|b ΠΑΤΡΑ
|b ΦΙΛΟΛΟΓΙΑ
|b ΔΩΡΕΕΣ
|k ΔΑΝΕΙΖ-6
|h 414 CHA
|m 7520
|p 025000145496
|
| 942 |
|
|
|2 ddc
|c BK15
|
| 952 |
|
|
|0 0
|1 0
|2 ddc
|4 0
|6 414_000000000000000_CHA
|7 0
|9 200428
|a LISP
|b LISP
|c BSC
|d 2016-04-24
|i 052225
|l 0
|o 414 CHA
|p 025000070618
|r 2016-04-24 00:00:00
|t 2
|w 2016-04-24
|y BK15
|
| 952 |
|
|
|0 0
|1 0
|2 ddc
|4 0
|6 414_000000000000000_CHA
|7 0
|9 200429
|a LISP
|b LISP
|d 2016-04-24
|i 7520
|l 0
|o 414 CHA
|p 025000145496
|r 2019-08-28 00:00:00
|t 1
|w 2016-04-24
|y BK15
|x Μεταφορά από Φιλολογία
|
| 998 |
|
|
|c ΝΤΖΕΛΕΠΗ
|d 2008-03
|
| 998 |
|
|
|c ΠΑΝΑΓΟΠΟΥΛΟΥ
|d 1999-11
|
| 999 |
|
|
|c 122818
|d 122818
|